Antarctic Stations - Sudden Death - Statistics

General Stats
  • This quiz has been taken 9 times
  • The average score is 2 of 15
Answers on the Grid
Answers color-coded by a green-red scale on the quiz's grid according to % correct below.
Vostok
Halley
Brightward
Russkaya
Praha International
Byrd
Kohnen
Carmata
Öschenen
New Granatah
Stephen
Tomelle
Neumayer
L'Avergne-Cointsey
Dumont d'Urville
Vesey
Mirny
McMurdo
Nellie
Progress
Marambio
Casey
Rowan
Kuchin-Bellingshausen
Maitri
Mawson
Irdine
Showa
Gonzáles
Hartmund
 
Answer Stats
Answer % Correct
McMurdo
100%
Casey
50%
Vostok
50%
Byrd
0%
Dumont d'Urville
0%
Halley
0%
Kohnen
0%
Maitri
0%
Marambio
0%
Mawson
0%
Mirny
0%
Neumayer
0%
Progress
0%
Russkaya
0%
Showa
0%
No matching quizzes found
Score Distribution
Percent of People with Each Score
Percentile by Number Answered
Your Score History
You have not taken this quiz